Central Library OPAC University of Rajshahi

The Quit India movement : (Record no. 25807)

MARC details
000 -LEADER
fixed length control field 00898cam a2200265 i 4500
001 - CONTROL NUMBER
control field 25807
003 - CONTROL NUMBER IDENTIFIER
rucl marc code BD-RjUL
005 - DATE AND TIME OF LATEST TRANSACTION
control field 20211209050930.0
008 - FIXED-LENGTH DATA ELEMENTS--GENERAL INFORMATION
fixed length control field 140319s1975 ii b 001 0 eng
035 ## - SYSTEM CONTROL NUMBER
System control number (BD-RjUL)25877
040 ## - CATALOGING SOURCE
Original cataloging agency DLC
Transcribing agency DLC
Modifying agency DLC
-- BD-RjUL
Language of cataloging eng
041 ## - LANGUAGE CODE
Language code of text/sound track or separate title eng
082 00 - DEWEY DECIMAL CLASSIFICATION NUMBER
Classification number 320.954035
Author mark and year BHQ 1975
100 1# - MAIN ENTRY--PERSONAL NAME
Personal name Bhuyan, Arun Chandra,
Dates associated with a name 1939-
9 (RLIN) 79285
245 14 - TITLE STATEMENT
Title The Quit India movement :
Remainder of title the Second World War and Indian nationalism /
Statement of responsibility, etc. Arun Chandra Bhuyan.
260 ## - PUBLICATION, DISTRIBUTION, ETC. (IMPRINT)
Place of publication, distribution, etc. New Delhi :
Name of publisher, distributor, etc. Manas Publications,
Date of publication, distribution, etc. c1975.
300 ## - PHYSICAL DESCRIPTION
Pagination viii, 262 p. ;
Size 22 cm.
504 ## - BIBLIOGRAPHY, ETC. NOTE
Bibliography, etc Includes Bibliography: p. [241]-254 and index.
650 #0 - SUBJECT ADDED ENTRY--TOPICAL TERM
Topical term or geographic name as entry element Nationalism
Geographic subdivision India
General subdivision History.
9 (RLIN) 43071
651 #0 - SUBJECT ADDED ENTRY--GEOGRAPHIC NAME
Geographic name India
General subdivision History
Chronological subdivision Quit India movement, 1942.
9 (RLIN) 79287
942 ## - ADDED ENTRY ELEMENTS (KOHA)
Source of classification or shelving scheme Dewey Decimal Classification
Koha item type Books
Holdings
Lost status Source of classification or shelving scheme Damaged status Not for loan Collection code Permanent Location Current Location Shelving location Date acquired Source of acquisition Cost, normal purchase price Total Checkouts Full call number Date last seen Copy number Koha item type
  Dewey Decimal Classification   Added to bundle Non-fiction Central Library, University of Rajshahi Central Library, University of Rajshahi Reading Room 21/04/1976 K.P. Bangali and calcuta 50.00   320.954035 BHQ 1975 19/03/2014 C-1 Books